000 00303nam a22001217a 4500
082 _a030
_bBUR/N-22
100 _aFUNK
100 _aWAGNALLS
245 _aNEW ILLUSTRATED WILDLIFE ENCYCLOPEDIA: VOL 22 TAR -TUC
260 _aCANADA
_bBPC PUBLISHING LIMITED
650 _aENCYCLOPEDIA
_zCANADA
942 _cBK
999 _c1957
_d1957